000
00191 a2200097 4500
020
_a
9802570370
041
_a
spa
100
_a
Marella Fuenmayor
245
_a
Un dia en la oficina
942
_c
K
999
_c
28809
_d
28809